000 00367nam a2200145Ia 4500
008 230524s9999 xx 000 0 und d
082 _a510
_bPAT
100 _aR.S.Pathak
245 2 _aA Course in Distribution Theory and Applications
260 _aNEW DELHI
_bNarosa
_c2001
300 _aXI;146
500 _aQuantity Number: 2
650 _aMathematics
942 _cBK
999 _c142
_d142